| 000 | 00895nam a2200217 i 4500 | ||
|---|---|---|---|
| 001 | 123975 | ||
| 003 | ES-MaACL | ||
| 005 | 20250907063107.0 | ||
| 007 | t| | ||
| 008 | 070214s1919 sp r ||||1| spa d | ||
| 100 | 1 |
_aVilla-Urrutia, Wenceslao Ramírez de Villa-Urrutia, _cMarqués de, _d1850-1933 _9114894 |
|
| 245 | 1 | 3 |
_aEl Palacio Barberini _b: recuerdos de España en Roma / _cMarqués de Villa-Urrutia. |
| 260 |
_aMadrid : _bFrancisco Beltrán, Librería Española y Extranjera, _c1919 ( _fTip. Artística) |
||
| 300 |
_a210 p. : _b1 il. ; _c22 cm. |
||
| 530 | _aDisponible en formato digital. | ||
| 610 | 2 | 4 |
_aPalazzo Barberini (Roma, Ciudad) _9157488 |
| 651 | 4 |
_aRoma (Ciudad)- _xEdificios, estructuras, etc. _9157489 |
|
| 852 |
_aES-MaACL _jB-3578 |
||
| 856 |
_uhttp://bdh-rd.bne.es/viewer.vm?id=0000246508&page=1 _zBiblioteca Digital Hispánica |
||
| 999 |
_c123975 _d123975 |
||